Normal view
MARC view
- Prasad, I B
Entry Personal Name
001 - CONTROL NUMBER
- control field: 5997
003 - CONTROL NUMBER IDENTIFIER
- control field: OSt
005 - DATE AND TIME OF LATEST TRANSACTION
- control field: 20240213150210.0
008 - FIXED-LENGTH DATA ELEMENTS
- fixed length control field: 240213|| aca||aabn | a|a d
040 ## - CATALOGING SOURCE
- Original cataloging agency: OSt
- Transcribing agency: OSt
100 ## - HEADING--PERSONAL NAME
- Personal name: Prasad, I B
670 ## - SOURCE DATA FOUND
- Source citation: Work cat.: (OSt)94: Prasad, I B ., Text book of applied mechanics / , 1986.
